| 000 | 00445nam a2200133Ia 4500 | ||
|---|---|---|---|
| 008 | 260210s9999 xx 000 0 und d | ||
| 024 | _a10B-84-BS, 10B-89-BS & 10B-82-BS | ||
| 082 | _a005.133072 ZAI | ||
| 100 | _aZain-ul-Abideen, Muhammad Taiyab & Shaheer Munir Shah | ||
| 245 | 0 | _aProcess Navigation System (CODE BOOK) | |
| 260 |
_aKarachi: _bUITU, _c2010 |
||
| 600 | _aComputer Science | ||
| 650 | _aBachelor of Computer Science (BS) | ||
| 999 |
_c32402 _d32402 |
||